00531nam a2200193 a 4500001001300000003000900013005001700022008004100039020002300080082001300103100001900116245007700135260003700212300000900249500003500258505001200293650001300305700001900318nice12345678IN_TiNIC20260116014346.0100412s2004 seca grp 000 0 eng  a817362X c34900a230bOLS aOlson, E Roger aThe Story of Christian Theologyb Twenty Centuries of Tradition & Reform aSec-Bad bAuthentic Books c2004 a652p aincludes index and biblioraphy2 aIndices aTheology1 aOlson, E Roger